=LDR 00000nam 2200000 4500 =001 INLIS000000000005866 =005 20200304064713 =035 ##$$a 0010-061300000005866 =008 200304################g##########0#ind## =041 ##$$a Ind =082 ##$$a 100 =090 ##$$a 100, Man m =245 ##$$a Manusia multi dimensional : $b Sebuah renungan filsafat /$c Editor M. Sastrapratedja =260 ##$$a Jakarta :$b Gramedia,$c 1982 =300 ##$$a xiv, 185 hlm. : $b ilus. ; $c 14x21 cm. =650 #4$$a Filsafat =700 #$$a Sastrapratedja, M. =084 ##$$a 100 MAN m =504 ##$$a Indeks : hlm.177 - 184 =990 ##$$a 6773 pro.88 =990 ##$$a DW00023809 =990 ##$$a DW00023810 =990 ##$$a DW00023811 =990 ##$$a DW00023812